| 000 -LEADER |
| fixed length control field |
00616nam a2200205Ia 4500 |
| 001 - CONTROL NUMBER |
| control field |
5002 |
| 003 - CONTROL NUMBER IDENTIFIER |
| control field |
GE_BSU |
| 008 - FIXED-LENGTH DATA ELEMENTS--GENERAL INFORMATION |
| fixed length control field |
181216s||||||||xx |||||||||||||| ||und|| |
| 040 ## - CATALOGING SOURCE |
| Transcribing agency |
GE_BSU |
| 080 ## - UNIVERSAL DECIMAL CLASSIFICATION NUMBER |
| Universal Decimal Classification number |
621.38(075) |
| 100 ## - MAIN ENTRY--PERSONAL NAME |
| Personal name |
Кутвинов,В.Г. |
| 245 ## - TITLE STATEMENT |
| Title |
Основы промышленной электроники. |
| 245 ## - TITLE STATEMENT |
| Statement of responsibility, etc. |
Ред. В.В.Данилова. |
| 260 ## - PUBLICATION, DISTRIBUTION, ETC. |
| Place of publication, distribution, etc. |
М. |
| 260 ## - PUBLICATION, DISTRIBUTION, ETC. |
| Name of publisher, distributor, etc. |
Высшая школа. |
| 260 ## - PUBLICATION, DISTRIBUTION, ETC. |
| Date of publication, distribution, etc. |
1972. |
| 300 ## - PHYSICAL DESCRIPTION |
| Extent |
224стр. с илл. 20см. Библиогр.:стр.222. |
| 653 ## - INDEX TERM--UNCONTROLLED |
| Uncontrolled term |
Основы промышленной электроники |
| 942 ## - ADDED ENTRY ELEMENTS (KOHA) |
| Koha item type |
წიგნი |